00539 2200193 4500001002100000005001500021035002000036007000300056008004100059020002200100082001100122084001700133100001800150245006300168260002600231300004400257650002800301990001600329INLIS00000000000068320181109035055 a0010-1118000044ta181109 g 0 ind  a978-979-448-969-7 a616.31 a616.31 JAN g0 aJanti Sudiono1 aGangguan tumbuh kembang dentokraniofasial /cJanti Sudiono aJakarta :bEGC,c2008 aviii, 107 p. :bilus. ;c24 cm (Indeks) aGangguan tumbuh kembang a00000002636